000 00581nam a2200229Ia 4500
005 20260320201441.0
008 008 262003s9999 xx 000 0 eng d
037 _aEBOOK
040 _aCRL
040 _beng
040 _cCRL
041 _2eng
041 _aeng
084 _qCRL
100 _aYip
_9929196
245 0 _aMolecular Mechanisms in Materials: Insights from Atomistic Modeling and Simulation
260 _bIEEE
856 _uhttps://ieeexplore.ieee.org/servlet/opac?bknumber=10338988
942 _cEBOOK
999 _c1721319
_d1721319